Management: tasks, responsibilities, practices / (Record no. 409)

MARC details
000 -LEADER
fixed length control field 00504nam a2200169 4500
001 - CONTROL NUMBER
control field 537
008 - FIXED-LENGTH DATA ELEMENTS--GENERAL INFORMATION
fixed length control field 750325s1974 eng u
010 ## - LIBRARY OF CONGRESS CONTROL NUMBER
LC control number 72-79655
020 ## - INTERNATIONAL STANDARD BOOK NUMBER
International Standard Book Number 0060110929
035 ## - SYSTEM CONTROL NUMBER
System control number 1520019
100 1# - MAIN ENTRY--PERSONAL NAME
Personal name Drucker, Peter F.
Fuller form of name (Peter Ferdinand),
Dates associated with a name 1909-2005.
245 10 - TITLE STATEMENT
Title Management: tasks, responsibilities, practices /
Statement of responsibility, etc. Peter F. Drucker.
260 ## - PUBLICATION, DISTRIBUTION, ETC.
Place of publication, distribution, etc. New York :
Name of publisher, distributor, etc. Harper & Row,
Date of publication, distribution, etc. 1974.
300 ## - PHYSICAL DESCRIPTION
Extent xvi, 839 p. ;
Dimensions 24 cm.
504 ## - BIBLIOGRAPHY, ETC. NOTE
Bibliography, etc. note Bibliography: p. 813-818.
650 #0 - SUBJECT ADDED ENTRY--TOPICAL TERM
Topical term or geographic name entry element Management.
Holdings
Withdrawn status Lost status Source of classification or shelving scheme Damaged status Not for loan Collection code Home library Current library Shelving location Date acquired Serial Enumeration / chronology Inventory number Total Checkouts Full call number Barcode Date last seen Date last checked out Price effective from Koha item type
    Dewey Decimal Classification     Main TEST RTC Library RTC Library Main opac 27/11/2018 904 1 658.4 DRU 30002780 07/11/2019 28/10/2019 27/11/2018 Main
Royal Thimphu College || All Right Reserved